00575nam a2200145Ia 4500082001200000100001900012245008200031260006300113300000800176504004000184650004100224650005700265650005900322650004800381 aRM 0312 aMitra, Amitava 0aEconomic valuation of eco-tourism in Arunachal Pradesh: an empirical studyb: c2009bIndian Council of Social Science Research, New Delhi a174 ainclude appendices and bibliography aEcotourismzIndiazArunachal Pradesh aTouristvSocial conditionszIndiazArunachal Pradesh aTouristvEconomic conditionszIndiazArunachal Pradesh aTouristsvFinancezIndiazArunachal Pradesh